|
|
|
|
| LEADER |
00000nmm a2200000 a 4500 |
| 001 |
vtls001472987 |
| 003 |
SK-MaSNL |
| 005 |
20260427110529.0 |
| 008 |
160624s2003 xo da 0 slo |
| 015 |
|
|
|a SNBS2004/02-00806
|
| 020 |
|
|
|a 8089139000
|
| 035 |
|
|
|a SNK000428289
|
| 040 |
|
|
|a SNK
|b slo
|c SNK
|e AACR2
|
| 041 |
0 |
|
|a slo
|
| 044 |
|
|
|a xo
|c SK
|
| 072 |
|
7 |
|a 556
|2 konspekt
|
| 080 |
|
|
|a 556
|2 1981
|
| 080 |
|
|
|a (063)
|2 1981
|
| 080 |
|
|
|a (0.034.44)
|2 1981
|
| 080 |
|
|
|a 556(082)(0.034)
|2 2. slo
|
| 245 |
1 |
|
|a Hydrológia na prahu 21. storočia - vízie a realita
|h elektronický zdroj
|b konferencia s medzinárodnou účasťou Smolenický zámok, 5. -7. 5. 2003 : zborník príspevkov
|c editor: Z. Kostka, L. Holko, Z. Pecušová
|
| 256 |
|
|
|a Elektronické dokumenty
|
| 260 |
|
|
|a Bratislava
|b Ústav hydrológie SAV
|b Slovenský výbor pre hydrológiu
|b Národný komitét pre globálne zmeny
|c 2003
|
| 300 |
|
|
|a 1 elektronický optický disk (CD-ROM)
|c 12 cm
|
| 650 |
0 |
7 |
|a hydrológia
|2 SNKPH
|9 853
|
| 655 |
|
7 |
|a elektronické dokumenty
|2 SNKPH
|9 70518
|
| 655 |
|
7 |
|a zbierky
|2 SNKPH
|9 70533
|
| 655 |
|
7 |
|a zborníky konferencií
|2 SNKPH
|9 70153
|
| 655 |
|
7 |
|a CD-ROM
|2 SNKPH
|9 70236
|
| 700 |
1 |
|
|a Kostka, Zdeněk
|c (hydrológ)
|4 edi
|9 9112
|
| 700 |
1 |
|
|a Holko, Ladislav,
|d 1963-
|4 edi
|9 119798
|
| 700 |
1 |
|
|a Pecušová, Z.
|4 edi
|9 439248
|
| 919 |
|
|
|a 80-89139-00-0
|
| 999 |
|
|
|c 693339
|d 695269
|
| 952 |
|
|
|t P60, <03>, [AUDIO], {603}
|a SNK
|b SNK
|y PREZ
|7 0
|p 17A0421992
|o snkSCDM 429
|i snkJK 193/2004
|0 0
|1 0
|4 0
|d 2004-04-14
|l 0
|r 2005-01-02 00:00:00
|w 2026-02-23
|